000 01160nam a22002177a 4500
999 _c12119
_d12119
003 AR-CdUCM
008 190405b ||||| |||| 00| 0 spa d
040 _aMUNICIPALIDAD PROVINCIAL DEL CUSCO
_cBIBLIOTECA MUNICIPAL DEL CUSCO
082 _aC / 985.04 /
_bC79
100 _aCornejo Bouroncle, Jorge
_915278
245 _aBanderas de la patria /
_cJorge Cornejo Bouroncle
260 _aCusco :
_bGarcilaso,
_c1961.
300 _a267 páginas ;
_c17 cm.
505 _aContenido: Puncu -- Precursores cuzqueños de la independencia -- Arequipa -- Titto Ccosñipa -- El inca Garcilaso de la Vega -- Blas Valera. -- Ankohuallo y Hueraccocha. -- José Gabriel Túpac Amaru. -- Rebelión de Gonzalo Pizarro. -- Bolivar y en Imperio de los Andes. -- Batalla de Tarapaca. -- Castilla. -- Banderas. -- Abolición del tributo indígena. -- Abolición de la esclavitud. -- Primer gobierno de Castilla. -- Los indios. -- Rumbos nuevos. -- Marcanay. -- Una candidatura.
650 _aEnsayos peruanos
_9233
650 _aBiografías históricas
_96252
650 _aPerú
_946721
650 _aHistoria militar
_91394
942 _2ddc
_cLIBROS
945 _aachl
_d2019-04-05